• 首页
  • 本馆介绍
  • 公告通知
  • 最新文献
  • 馆藏检索
  • 电子资源
  • 读者导购
  • 参考咨询
  • 我的图书馆
  • 登录
  • 详细信息显示
  • 放入我的书架
  • 预约/预借图书
  • 作者相关作品
  • 分类相关作品
  • 丛书相关作品
  • 出版社相关作品

书目信息

  • 表格格式
  • 工作单格式
  • 卡片格式
题名:
非洲人
    
 
作者: 戴维·拉姆 ;张理初沈志彦
分册:  
出版信息: 上海上海译文出版社   上海译文出版社  1998
页数: 459
开本: 20cm
丛书名: 外国人丛书
单 册:
中图分类: K4
科图分类:
主题词: 非洲--历史
电子资源:
ISBN: 7-5327-1789-5
000 00648nam0 2200217 450
001 0734081268
005 20071007092801.28
010    @a7-5327-1789-5
100    @a20071007d km y0chiy0120 ea
101 0  @achi
200 1  @a非洲人@Afei zhou ren@f戴维·拉姆@Fdai wei·la mu@g张理初沈志彦@Gzhang li chu shen zhi yan
210    @a上海上海译文出版社@c上海译文出版社@d1998
215    @a459@d20cm
225 2  @a外国人丛书
410  0 @12001 @a外国人丛书
606 0  @a非洲@x历史
690    @aK4@v3
701  0 @a戴维·拉姆@Adai wei·la mu
702  0 @a张理初沈志彦@Azhang li chu shen zhi yan
801  0 @aCN@bPFT@c20071007
905    @a213230@dK4@ea2@f1
    
    非洲人/戴维·拉姆/张理初沈志彦.-上海上海译文出版社:上海译文出版社,1998
    459;20cm.-(外国人丛书)
    
    
    ISBN 7-5327-1789-5:
    
●
相关链接 在E读中查询图书 在五车中查询图书 在当当中查询图书 在豆瓣中查询图书


正题名:非洲人     索取号:K4/a2         预约/预借

序号 登录号 条形码 馆藏地/架位号 状态 备注
1 7509208   275092089   密集书库-史法系/ [索取号:K4/a2] 在馆    
唐山师范学院图书馆 欢迎您!
大连网信软件有限公司© 版权所有